Ibadah unggul telinga mendengar Al-Quran

Bibliographic Details
Main Author: Abdullah Al-Qari Hj. Salleh
Corporate Author: Title
Format: Book
Published: Kuala Lumpur : Al-Hidayah Publishers , 1998
Subjects:

MARC

LEADER 00000cam a2200000 7i4500
001 0000012503
005 20071219.0
008 071219
020 |a 9830990974 
090 0 0 |a 297.44   |b ABD 
100 0 |a Abdullah Al-Qari Hj. Salleh 
245 1 0 |a Ibadah unggul telinga mendengar Al-Quran   |c Abdullah Al-Qari Hj. Salleh 
260 |a Kuala Lumpur :   |b Al-Hidayah Publishers ,   |c 1998 
650 0 |a Koran   |x Reading 
650 0 |a Malay fiction 
650 0 |a Religious life   |x Islam 
710 0 |a Title 
999 |a 0001007889   |b Book   |c Adult Collection   |e Perbadanan Perpustakaan Awam Johor 
999 |a 0001007890   |b Book   |c Adult Collection   |e Perbadanan Perpustakaan Awam Johor 
999 |a 0001007891   |b Book   |c Adult Collection   |e Perbadanan Perpustakaan Awam Johor